000
00489nam a2200181Ia 4500
008
090123s9999 xx 000 0 und d
082
_b
23400
100
_a
जोशी विमला
245
_a
चाफा बोलेना
250
_a
0
260
_c
1993
300
_a
125
600
_a
जोशी विमला
630
_a
चाफा बोलेना
700
_a
जोशी विमला
730
_a
चाफा बोलेना
942
_c
BOOK
999
_c
61471
_d
61471